Human character and morality : reflections from the History of ideas

Gespeichert in:
Bibliographische Detailangaben
1. Verfasser: HUDSON, Stephen D.
Format: Buch
Sprache:Englisch
Veröffentlicht: Routledge 2921
Tags: Tag hinzufügen
Keine Tags, Fügen Sie den ersten Tag hinzu!

MARC

LEADER 00000nam a22000007a 4500
008 240806b |||||||| |||| 00| 0 eng d
020 |a 9780267512255 
100 |a HUDSON, Stephen D. 
245 |a Human character and morality  |b : reflections from the History of ideas  |c / Stephen D. Hudson  |g xvii, 164p 
260 |b Routledge  |c 2921  |h Oxon, UK  |i 702271  |i 702272  |l BJJ1012.H86  |m Ethics  |m Character 
500 |a it includes references and index 
942 |a lcc  |c BK  |e Johnson  |f 05/08/24 
952 |0 0  |1 0  |2 lcc  |4 0  |6 BJ1012 H86  |7 0  |9 5420  |a ART  |b HOL  |c AF  |d 2024-08-06  |l 0  |o BJ1012.H86  |p 2024-0661  |r 2024-08-06 00:00:00  |t 702271  |w 2024-08-06  |y BK 
952 |0 0  |1 0  |2 lcc  |4 0  |6 BJ1012 H86  |7 0  |9 5421  |a HOL  |b HOL  |c AF  |d 2024-08-06  |l 0  |o BJ1012.H86  |p 2024-0662  |r 2024-08-06 00:00:00  |t 702272  |w 2024-08-06  |y BK 
999 |c 2681  |d 2681